Ballon d'Or 2025: Die 30er-Liste der Männer - Statistiken

Allgemein
  • Dieses Quiz wurde 277 mal gespielt
  • Das Durchschnittsergebnis liegt bei 25 aus 30
Antwortstatistiken
Rang Verein Nation Spielerin % Korrekt
1. Paris St. Germain Frankreich Ousmane Dembele
100%
2. FC Barcelona Spanien Lamine Yamal
98%
4. FC Liverpool Ägypten Mohamed Salah
98%
13. FC Bayern München England Harry Kane
93%
6. Paris St. Germain Marokko Achraf Hakimi
91%
7. Real Madrid Frankreich Kylian Mbappe
91%
17. FC Barcelona Polen Robert Lewandowski
91%
29. Bayer Leverkusen / FC Liverpool Deutschland Florian Wirtz
90%
30. FC Bayern München Frankreich Michael Olise
90%
26. Manchester City Norwegen Erling Haaland
89%
8. FC Chelsea England Cole Palmer
88%
9. Paris St. Germain Italien Gianluigi Donnarumma
88%
16. Real Madrid Brasilien Vinicius Junior
88%
11. FC Barcelona Spanien Pedri
85%
3. Paris St. Germain Portugal Vitinha
85%
23. Real Madrid England Jude Bellingham
84%
21. Borussia Dortmund Guinea Serhou Guirassy
84%
20. Inter Mailand Argentinien Lautaro Martinez
83%
5. FC Barcelona Brasilien Raphinha
83%
15. Sporting Lissabon / FC Arsenal Schweden Viktor Gyökeres
80%
27. FC Arsenal England Declan Rice
78%
28. FC Liverpool Niederlande Virgil van Dijk
78%
10. Paris St. Germain Portugal Nuno Mendes
76%
22. FC Liverpool Argentinien Alexis MacAllister
74%
18. Napoli Schottland Scott McTominay
73%
14. Paris St. Germain Frankreich Desire Doue
71%
19. Paris St. Germain Portugal Joao Neves
69%
12. Paris St. Germain Georgien Khvicha Kvaratskhelia
67%
25. Inter Mailand Niederlande Denzel Dumfries
66%
24. Paris St. Germain Spanien Fabian Ruiz
64%
Keine übereinstimmenden Quizze gefunden
Verteilung der Resultate
Anzahl Personen mit jedem Resultat
Perzentil nach korrekt beantworteten Fragen
Ihre Resultats-Entwicklung
Sie haben dieses Quiz noch nicht gespielt